مكتبة جامعة عجلون الوطنية

فهرس بحث المكتبة

Normal view MARC view
  • المشتقات المالية-العقود-سعر الصرف-العملات-الاسواق المالية

Entry Topical Term

Number of records used in: 1

001 - CONTROL NUMBER

  • control field: 61639

003 - CONTROL NUMBER IDENTIFIER

  • control field: JO-AjAnu

005 - DATE AND TIME OF LATEST TRANSACTION

  • control field: 20230606084054.0

008 - FIXED-LENGTH DATA ELEMENTS

  • fixed length control field: 230606|| aca||aabn | a|a d

040 ## - CATALOGING SOURCE

  • Original cataloging agency: JO-AjAnu
  • Transcribing agency: JO-AjAnu

150 ## - HEADING--TOPICAL TERM

  • Topical term or geographic name entry element: المشتقات المالية-العقود-سعر الصرف-العملات-الاسواق المالية

670 ## - SOURCE DATA FOUND

  • Source citation: Work cat.: (JO-AjAnu)31439: الظهراوي، محمد سامي علي, author 61638, المشتقات المالية بين النظرية والتطبيق = Financial Derivatives in Theory & Practice